La política exterior norteamericana
Guardat en:
| Autor principal: | |
|---|---|
| Format: | Llibre |
| Idioma: | espanyol |
| Publicat: |
Barcelona
Bosch
1956
|
| Matèries: | |
| Etiquetes: |
Afegir etiqueta
Sense etiquetes, Sigues el primer a etiquetar aquest registre!
|
MARC
| LEADER | 00000nam a2200000 a 4500 | ||
|---|---|---|---|
| 001 | UCT7837 | ||
| 003 | CL-VaPUC | ||
| 008 | 970317e19560000SP |||||||||||||||||spa|d | ||
| 082 | 0 | 4 | |a 327.730 |b PER |2 21 |
| 100 | 0 | |a Perkins, Dexter |e author |9 379041 | |
| 245 | 1 | 3 | |a La política exterior norteamericana |
| 300 | |a 197 p | ||
| 942 | |c BK | ||
| 945 | |d 19970317 00:00:00 |a paguirre | ||
| 260 | |a Barcelona |b Bosch |c 1956 | ||
| 650 | 0 | |a Política internacional |9 255813 | |
| 650 | 0 | |a Imperialismo |9 258264 | |
| 650 | 0 | |a Capitalismo |9 255255 | |
| 650 | 0 | |a Guerra |9 255876 | |
| 650 | 0 | |a Relaciones Internacionales |9 255740 | |
| 651 | 0 | |a Estados Unidos |9 255178 | |
| 583 | |a last modification |c 19970317 00:00:00 |k Rodrigo Vera | ||
| 999 | |c 256384 |d 256382 | ||
| 952 | |0 0 |1 0 |4 0 |6 327_730000000000000_PER_1956 |7 0 |8 A |9 279090 |a BIBDER |b BIBDER |d 2019-11-19 |i 1808354 |o 327.730 PER 1956 |p 1808354 |r 2023-01-25 |w 2019-11-19 |y BK |k DER | ||